Eastern Utah Libraries Catalog: Duchesne, Heber, Roosevelt, & Vernal

Judy / (Record no. 251650)

MARC details
000 -LEADER
fixed length control field 03508cgm a2200721Ki 4500
001 - CONTROL NUMBER
control field 1126667094
003 - CONTROL NUMBER IDENTIFIER
control field OCoLC
005 - DATE AND TIME OF LATEST TRANSACTION
control field 20191230155902.0
007 - PHYSICAL DESCRIPTION FIXED FIELD--GENERAL INFORMATION
fixed length control field vd cvaizq
008 - FIXED-LENGTH DATA ELEMENTS--GENERAL INFORMATION
fixed length control field 191107s2019 cau119 vleng d
024 1# - OTHER STANDARD IDENTIFIER
Standard number or code 031398312826
028 42 - PUBLISHER NUMBER
Publisher number 57310
Source Lionsgate
035 ## - SYSTEM CONTROL NUMBER
System control number (OCoLC)1126667094
037 ## - SOURCE OF ACQUISITION
Source of stock number/acquisition Midwest Tape
Note http://www.midwesttapes.com
040 ## - CATALOGING SOURCE
Original cataloging agency TEFMT
Language of cataloging eng
Description conventions rda
Transcribing agency TEFMT
Modifying agency TEF
-- OCLCF
041 1# - LANGUAGE CODE
Language code of text/sound track or separate title eng
Language code of original and/or intermediate translations of text eng
043 ## - GEOGRAPHIC AREA CODE
Geographic area code e-uk-en
050 #4 - LIBRARY OF CONGRESS CALL NUMBER
Classification number PN1997.2
Item number .J83 2019
082 04 - DEWEY DECIMAL CLASSIFICATION NUMBER
Classification number 791.43/72
Edition number 23
092 ## - LOCALLY ASSIGNED DEWEY CALL NUMBER (OCLC)
Classification number JUDY
099 ## - LOCAL FREE-TEXT CALL NUMBER (OCLC)
Classification number DVD JUD
245 00 - TITLE STATEMENT
Title Judy /
Statement of responsibility, etc director, Rupert Goold ; writers, Tom Edge, Peter Quilter ; producer, David Livingstone.
264 #1 - Production, Publication, Distribution, Manufacture, and Copyright Notice.
Place of production, publication, distribution, manufacture [Santa Monica, CA] :
Name of producer, publisher, distributor, manufacturer Lionsgate,
Date of production, publication, distribution, manufacture, or copyr [2019]
300 ## - PHYSICAL DESCRIPTION
Extent 1 videodisc (119 min.) :
Other physical details sound, color ;
Dimensions 4 3/4 in.
336 ## - Content Type
Content type term two-dimensional moving image
337 ## - Media type
Media type term video
338 ## - Carrier type
Carrier type term videodisc
500 ## - GENERAL NOTE
General note Title from web page.
500 ## - GENERAL NOTE
General note Originally released as a motion picture in 2019.
500 ## - GENERAL NOTE
General note Based on Peter Quilter's musical "End of the Rainbow."
500 ## - GENERAL NOTE
General note Wide screen.
500 ## - GENERAL NOTE
General note Special features: "From the Heart: the making of Judy" featurette ; photo gallery ; theatrical trailer.
511 1# - PARTICIPANT OR PERFORMER NOTE
Participant or performer note Renee Zellweger, Jessie Buckley, Finn Wittrock, Rufus Sewell, Michael Gambon, Bella Ramsey, Gaia Weiss.
520 ## - SUMMARY, ETC.
Summary, etc Thirty years after rising to global stardom in The Wizard of Oz, showbiz legend Judy Garland arrives in London to perform a five-week sold-out run at The Talk of the Town. While preparing for the shows, Garland battles with management, reminisces with friends and adoring fans, and embarks on a whirlwind romance with soon-to-be fifth husband Mickey Deans, all while bravely struggling to overcome intensifying anxiety and physical decline.
521 8# - TARGET AUDIENCE NOTE
Target audience note Rating: PG-13; for substance abuse, thematic content, some strong language, and smoking.
538 ## - SYSTEM DETAILS NOTE
System details note DVD, wide screen; Dolby digital 5.1.
546 ## - LANGUAGE NOTE
Language note English dialogue; Spanish subtitles; subtitled for the deaf and hard of hearing (SDH).
600 10 - SUBJECT ADDED ENTRY--PERSONAL NAME
Personal name Garland, Judy.
9 (RLIN) 2092
650 #0 - SUBJECT ADDED ENTRY--TOPICAL TERM
Topical term or geographic name as entry element Singers
Form subdivision Biography
-- Drama.
9 (RLIN) 5810199
650 #0 - SUBJECT ADDED ENTRY--TOPICAL TERM
Topical term or geographic name as entry element Actresses
Form subdivision Biography
-- Drama.
9 (RLIN) 5810200
651 #0 - SUBJECT ADDED ENTRY--GEOGRAPHIC NAME
Geographic name London (England)
Form subdivision Drama.
9 (RLIN) 5703301
655 #7 - INDEX TERM--GENRE/FORM
Genre/form data or focus term Biographical drama.
Source of term fast
9 (RLIN) 5810201
655 #7 - INDEX TERM--GENRE/FORM
Genre/form data or focus term Drama.
Source of term fast
9 (RLIN) 5673873
655 #7 - INDEX TERM--GENRE/FORM
Genre/form data or focus term Feature films.
Source of term fast
9 (RLIN) 102699
655 #7 - INDEX TERM--GENRE/FORM
Genre/form data or focus term Video recordings for the hearing impaired.
Source of term fast
9 (RLIN) 5810202
655 #7 - INDEX TERM--GENRE/FORM
Genre/form data or focus term Feature films.
Source of term lcgft.
9 (RLIN) 102699
655 #7 - INDEX TERM--GENRE/FORM
Genre/form data or focus term Biographical drama.
Source of term lcgft.
9 (RLIN) 5810201
655 #7 - INDEX TERM--GENRE/FORM
Genre/form data or focus term Video recordings for the hearing impaired.
Source of term lcgft.
9 (RLIN) 5810202
700 1# - ADDED ENTRY--PERSONAL NAME
Personal name Goold, Rupert,
Relator term film director.
9 (RLIN) 5810203
700 1# - ADDED ENTRY--PERSONAL NAME
Personal name Edge, Tom,
Relator term screenwriter.
9 (RLIN) 5810204
700 1# - ADDED ENTRY--PERSONAL NAME
Personal name Quilter, Peter,
Relator term screenwriter.
9 (RLIN) 5810205
700 1# - ADDED ENTRY--PERSONAL NAME
Personal name Livingstone, David
Titles and other words associated with a name (Motion picture producer),
Relator term film producer.
9 (RLIN) 5810206
700 1# - ADDED ENTRY--PERSONAL NAME
Personal name Zellweger, Renée,
Dates associated with a name 1969-
Relator term actor.
9 (RLIN) 5810207
700 1# - ADDED ENTRY--PERSONAL NAME
Personal name Buckley, Jessie,
Dates associated with a name 1988-
Relator term actor.
9 (RLIN) 5810208
700 1# - ADDED ENTRY--PERSONAL NAME
Personal name Wittrock, Finn,
Dates associated with a name 1984-
Relator term actor.
9 (RLIN) 5810209
700 1# - ADDED ENTRY--PERSONAL NAME
Personal name Sewell, Rufus,
Dates associated with a name 1967-
Relator term actor.
9 (RLIN) 58424
700 1# - ADDED ENTRY--PERSONAL NAME
Personal name Gambon, Michael,
Relator term actor.
9 (RLIN) 76049
710 2# - ADDED ENTRY--CORPORATE NAME
Corporate name or jurisdiction name as entry element Lions Gate Entertainment (Firm),
Relator term publisher.
9 (RLIN) 5675069
730 0# - ADDED ENTRY--UNIFORM TITLE
Uniform title End of the rainbow (Musical)
9 (RLIN) 5810210
856 7# - ELECTRONIC LOCATION AND ACCESS
Materials specified View cover art
Uniform Resource Identifier <a href="http://midwesttapes.com/images/movies/000/000/000/012/452/000000000012452957.jpg">http://midwesttapes.com/images/movies/000/000/000/012/452/000000000012452957.jpg</a>
Access method http
907 ## - LOCAL DATA ELEMENT G, LDG (RLIN)
a .b420267062
942 ## - ADDED ENTRY ELEMENTS (KOHA)
Source of classification or shelving scheme Dewey Decimal Classification
Koha item type DVD < 3 months old
Holdings
Withdrawn status Lost status Source of classification or shelving scheme Damaged status Not for loan Collection code Home library Current library Shelving location Date acquired Source of acquisition Cost, normal purchase price Total Checkouts Total Renewals Full call number Barcode Date last seen Date checked out Cost, replacement price Price effective from Koha item type
    Dewey Decimal Classification     Movies Wasatch County Library Wasatch County Library Audio Visual Area 12/26/2019   23.96 12 5 DVD Jud 34301001652405 09/05/2025 08/07/2025 23.96 03/20/2020 DVD
This project was made possible through a grant from the Institute of Museum and Library Service administered by the Utah State Library Division.

Wasatch County Library

  • 465 East 1200 South, Heber City, Utah 84032
  • Phone 435-654-1511 | Fax 435-654-6456

Hours

  • Monday - Friday 9:30 AM - 8:00 PM
  • Saturday 9:30 AM - 1:30 PM
  • Closed Sundays and Holidays